000 00497nam a2200217Ia 4500
003 OSt
005 20230509145642.0
008 210423s1996 xx 000 0 und d
020 _a697225704
040 _cAL
041 _aeng
082 _a574 RAVP
_223
100 _aRAVEN (Peter H);others.
_964366
245 _aBiology.
260 _aToranto
_bWCB Publishers
_c1996
300 _axxxii,1310
_bPB
365 _cINR
650 _aBiology
_964367
906 _aBiology
942 _2ddc
_cBK
999 _c162660
_d162660